Szegedi Ruhagyár
Elmentve itt :
| Dokumentumtípus: | Cikk |
|---|---|
| Megjelent: |
1975-02-04
|
| Sorozat: | Délmagyarország
65 No. 29 |
| Kulcsszavak: | ruhaipar |
| Online Access: | http://dmarchiv.bibl.u-szeged.hu/106876 |
| LEADER | 00381nab a2200145 i 4500 | ||
|---|---|---|---|
| 001 | delm106876 | ||
| 005 | 20190426084312.0 | ||
| 008 | 190426s1975 hu o 0|| hun d | ||
| 040 | |a SZTE Délmagyarország Archívum |b hun | ||
| 041 | |a hun | ||
| 245 | 0 | 0 | |a Szegedi Ruhagyár |h [elektronikus dokumentum] |
| 260 | |c 1975-02-04 | ||
| 300 | |a 3 | ||
| 490 | 0 | |a Délmagyarország |v 65 No. 29 | |
| 695 | |a ruhaipar | ||